Women empowerment : (Record no. 58190)

MARC details
000 -LEADER
fixed length control field 00851nam a22002297a 4500
005 - DATE AND TIME OF LATEST TRANSACTION
control field 20111108104646.0
008 - FIXED-LENGTH DATA ELEMENTS--GENERAL INFORMATION
fixed length control field 111108t xxu||||| |||| 00| 0 eng d
010 ## - LCCN (DPL NO)
LC control number ENG-104054
020 ## - INTERNATIONAL STANDARD BOOK NUMBER
International Standard Book Number 9789381385159
Terms of availability 625.00
035 ## - SYSTEM CONTROL NUMBER
System control number EN-87587
037 ## - SOURCE OF ACQUISITION
Source of stock number/acquisition DBAD/PUB
040 ## - CATALOGING SOURCE
Original cataloging agency DPL
Language of cataloging Eng
082 ## - DEWEY DECIMAL CLASSIFICATION NUMBER
Classification number 305.4
100 ## - MAIN ENTRY--PERSONAL NAME
9 (RLIN) 35745
Personal name Tripathi, Madhusoodan
245 ## - TITLE STATEMENT
Title Women empowerment :
Statement of responsibility, etc by Madhusoodan Tripathi
Remainder of title a social audit /
260 ## - PUBLICATION, DISTRIBUTION, ETC. (IMPRINT)
Place of publication, distribution, etc Delhi
Name of publisher, distributor, etc Ancient Publishing House
Date of publication, distribution, etc 2011
270 ## - ADDRESS
Address V-75, Street No. 15-A, Vijay Park, Near C-11, Shiv Sadhana Mandir, Yamuna Vihar
City Delhi
Postal code 110053
300 ## - PHYSICAL DESCRIPTION
Extent 256p.
Dimensions 22cm (Hb)
700 ## - ADDED ENTRY--PERSONAL NAME
9 (RLIN) 35744
942 ## - ADDED ENTRY ELEMENTS (KOHA)
Source of classification or shelving scheme Dewey Decimal Classification
Item type English Books
Classification part 305.4
Call number suffix TRI
Holdings
Withdrawn status Lost status Source of classification or shelving scheme Damaged status Not for loan Collection code Home library Current library Date acquired Source of acquisition Cost, normal purchase price Total Checkouts Full call number Barcode Date last seen Copy number Cost, replacement price Koha item type
    Dewey Decimal Classification   Not For Loan Non-fiction D.B.Act.Division D.B.Act.Division 08/11/2011 DBAD/PUB 625.00   305.4 TRI EN-87587 08/11/2011 1 625.00 English Books

© Delhi Public Library
Hit Counter
free hit counter